Vplyv vodného súčiniteľa FZ na báze sadra-anhydrid s podielom mletého kremeňa na tvrdosť a pevnosť v strihu
Salvato in:
| Autore principale: | |
|---|---|
| Altri autori: | |
| Natura: | Manoscritto Libro |
| Lingua: | slovacco |
| Pubblicazione: |
Trnava :
STU v Bratislave MTF UVTE KOM,
2012
|
| Soggetti: | |
| Accesso online: | VAIS |
| Tags: |
Nessun Tag, puoi essere il primo ad aggiungerne!!
|
MARC
| LEADER | 00000ntm a22000003a 4500 | ||
|---|---|---|---|
| 001 | stu253842 | ||
| 005 | 20160719160708.2 | ||
| 008 | 120831s2012----xo------------------slo-d | ||
| 040 | |a STU |b slo | ||
| 041 | 0 | |a slo | |
| 044 | |a xo | ||
| 100 | 1 | |a Kostelný, Martin, |d 1987- |4 aut |X 48668 |7 A000048668 | |
| 242 | 0 | 0 | |a Effect of water factor the molding mixtures based on gypsum - anhydride with a share of minced quartz in hardness and shear strength |y eng |
| 245 | 1 | |a Vplyv vodného súčiniteľa FZ na báze sadra-anhydrid s podielom mletého kremeňa na tvrdosť a pevnosť v strihu | |
| 260 | |a Trnava : |b STU v Bratislave MTF UVTE KOM, |c 2012 | ||
| 300 | |a 56s |c CD ROM | ||
| 650 | 7 | |a shear strength |2 estusub | |
| 650 | 7 | |a anhydride |2 estusub | |
| 650 | 7 | |a tvrdosť |2 stusub | |
| 650 | 7 | |a vodný súčiniteľ |2 stusub | |
| 650 | 7 | |a anhydrid |2 stusub | |
| 650 | 7 | |a priemyselné a umelecké zlievarenstvo |2 stusub | |
| 650 | 7 | |a Industrial and Art Foundry |2 estusub | |
| 700 | 1 | |a Belica, Eugen, |d 1957- |4 ths |u M3000 |U MTF Materiálovotechnologická fakulta |T MTF Ústav výrobných technológií |X 2795 |U M3000 |Y 83 |7 A000002795 | |
| 856 | 4 | |a info a plný text |u http://is.stuba.sk/zp/portal_zp.pl?podrobnosti=80795 |3 VAIS | |
| 996 | |c M*DP-10947 |l MMSKP |s P |a 0 |w stu253842_0001 | ||